[Event "30. Staufer-Open (A)"]
[Site "?"]
[Date "2018.01.02"]
[Round "2"]
[White "Hönick, Andreas"]
[Black "Schulz, Karsten"]
[Result "1/2-1/2"]
[WhiteElo "2112"]
[BlackElo "2293"]
[PlyCount "56"]
[EventDate "2018.??.??"]
[WhiteTeam "SG Schwäbisch Gmünd 1872 e.V"]
[BlackTeam "SF Schwerin"]

1. d4 d6 2. c4 e5 3. Nc3 Nd7 4. e4 exd4 5. Qxd4 Ngf6 6. b3 g6 7. Bb2 Bg7 8. f3
O-O 9. Qd2 Re8 10. Bd3 c6 11. Nge2 Nc5 12. O-O d5 13. cxd5 cxd5 14. Nxd5 Nxd5
15. Bxg7 Kxg7 16. exd5 Qxd5 17. Qc3+ Qe5 18. Bc4 Qxc3 19. Nxc3 Be6 20. Bxe6
Rxe6 21. Rad1 Rc8 22. Nb5 a6 23. Nd4 Re7 24. Rc1 Rd8 25. Rfd1 Red7 26. Rxc5
Rxd4 27. Rxd4 Rxd4 28. Rc2 Kf6 1/2-1/2

[Event "30. Staufer-Open (A)"]
[Site "?"]
[Date "2018.01.02"]
[Round "2"]
[White "Spitzl, Vinzent"]
[Black "Thomas, Ingo"]
[Result "0-1"]
[WhiteElo "2290"]
[BlackElo "2086"]
[PlyCount "80"]
[EventDate "2018.??.??"]
[WhiteTeam "SV Griesheim 1976"]
[BlackTeam "Krefelder SK Turm"]

1. Nf3 d5 2. b3 c6 3. e3 Bf5 4. Bb2 e6 5. Be2 h6 6. O-O Nd7 7. d3 Ngf6 8. Nbd2
a5 9. a4 Bc5 10. e4 Bh7 11. e5 Ng8 12. d4 Ba7 13. h4 Ne7 14. h5 Nf5 15. Bd3 O-O
16. Qe2 c5 17. Ba3 Rc8 18. c4 Re8 19. cxd5 exd5 20. dxc5 Nxc5 21. Bb5 Nd7 22.
Bxd7 Qxd7 23. Kh1 Nd4 24. Qe3 Nxf3 25. Qxf3 Rxe5 26. Bb2 Rg5 27. Rac1 Rxc1 28.
Rxc1 Bf5 29. Qf4 Bb6 30. Nf3 Rxh5+ 31. Kg1 f6 32. Nd4 Rg5 33. Nf3 Rg4 34. Qb8+
Kh7 35. Qf8 Be4 36. Nh4 Rxh4 37. Bxf6 Rg4 38. Rc8 Rxg2+ 39. Kf1 Rxf2+ 40. Ke1
Rxf6 0-1

[Event "30. Staufer-Open (A)"]
[Site "?"]
[Date "2018.01.02"]
[Round "2"]
[White "Suvorov, Luca"]
[Black "Arnold, Max"]
[Result "1/2-1/2"]
[WhiteElo "2086"]
[BlackElo "2286"]
[PlyCount "72"]
[EventDate "2018.??.??"]
[WhiteTeam "Schachgemeinschaft Porz e.V."]
[BlackTeam "SK 1926 Ettlingen"]

1. d4 Nf6 2. c4 e6 3. Nf3 d5 4. Bg5 Bb4+ 5. Nc3 dxc4 6. e4 c5 7. dxc5 Qxd1+ 8.
Rxd1 Nbd7 9. Bxf6 gxf6 10. c6 bxc6 11. Bxc4 Ne5 12. Nxe5 fxe5 13. Rd3 Ke7 14.
Ke2 Bc5 15. Rc1 Bd4 16. Rg3 Bd7 17. b3 Rhg8 18. Bd3 Raf8 19. Na4 Kd6 20. Rc2 f5
21. Rxg8 Rxg8 22. Kf1 c5 23. Nb2 Bc6 24. Nc4+ Kd7 25. Re2 h5 26. f3 f4 27. Ke1
Rb8 28. Kd1 Kc7 29. Kc2 h4 30. h3 Be8 31. Rd2 Bh5 32. Re2 Rg8 33. Nd2 Rb8 34.
Nc4 Be8 35. Rd2 Bc6 36. Re2 Rd8 1/2-1/2

[Event "30. Staufer-Open (A)"]
[Site "?"]
[Date "2018.01.02"]
[Round "2"]
[White "Weiß, Oliver"]
[Black "Sanati, Charlotte"]
[Result "1-0"]
[WhiteElo "2280"]
[BlackElo "2065"]
[PlyCount "119"]
[EventDate "2018.??.??"]
[WhiteTeam "TG Biberach"]
[BlackTeam "SG Trier"]

1. d4 d5 2. Bf4 Nf6 3. e3 e6 4. Nd2 c5 5. c3 Nc6 6. Ngf3 Bd6 7. Bg3 O-O 8. Bd3
Re8 9. Ne5 Qc7 10. f4 b6 11. O-O Bb7 12. Bh4 Be7 13. Rf3 Ne4 14. Bxe7 Qxe7 15.
Rh3 Nxe5 16. fxe5 f5 17. exf6 Qxf6 18. Nf3 Rf8 19. Qe2 Qe7 20. Ne5 Rf5 21. Rf3
Raf8 22. Raf1 Qg5 23. Bxe4 dxe4 24. Rxf5 Rxf5 25. Rxf5 Qxf5 26. h3 cxd4 27.
cxd4 h6 28. Qg4 Qxg4 29. Nxg4 Kf7 30. Kf2 Bd5 31. a3 h5 32. Ne5+ Kf6 33. h4 g5
34. Kg3 Ba8 35. Kh3 Bd5 36. g3 Ba8 37. Kg2 Bd5 38. Kf2 g4 39. Ke2 Bb7 40. Kd2
Bd5 41. Kc3 Ke7 42. Ng6+ Kd6 43. Nf4 e5 44. Nxh5 Be6 45. dxe5+ Kxe5 46. Nf4 Bg8
47. Kb4 a6 48. a4 Kf6 49. Ne2 Ke5 50. Nc3 Bf7 51. a5 bxa5+ 52. Kxa5 Bc4 53. Kb4
Bf7 54. Kc5 Bg8 55. b4 Bf7 56. Na4 Bb3 57. Nb6 Be6 58. Nc4+ Kf6 59. Kd4 Bf5 60.
Nd6 1-0

[Event "30. Staufer-Open (A)"]
[Site "?"]
[Date "2018.01.02"]
[Round "2"]
[White "Schimnatkowski, Lukas"]
[Black "Namyslo, Holger"]
[Result "0-1"]
[WhiteElo "2079"]
[BlackElo "2278"]
[PlyCount "38"]
[EventDate "2018.??.??"]
[WhiteTeam "Schachfreunde Essen-Katernberg 0"]
[BlackTeam "TG Biberach"]

1. e4 e6 2. b3 c5 3. Bb2 Nc6 4. f4 d5 5. e5 Nh6 6. Nc3 Be7 7. Qh5 Nb4 8. O-O-O
d4 9. Ne4 Nxa2+ 10. Kb1 Nb4 11. Bb5+ Bd7 12. Bxd7+ Qxd7 13. Nf3 O-O-O 14. Nfg5
Kb8 15. g4 Bf8 16. Rhf1 c4 17. f5 cxb3 18. cxb3 Qd5 19. Nc3 Qxb3 0-1

[Event "30. Staufer-Open (A)"]
[Site "?"]
[Date "2018.01.02"]
[Round "2"]
[White "Karimi, Farhad"]
[Black "Jurek, Josef"]
[Result "1/2-1/2"]
[WhiteElo "2087"]
[BlackElo "2260"]
[PlyCount "73"]
[EventDate "2018.??.??"]
[WhiteTeam "Satranç Club 2000 e.V."]
[BlackTeam "SG Schwäbisch Gmünd 1872 e.V"]

1. d4 Nf6 2. c4 e6 3. Nc3 Bb4 4. Qc2 O-O 5. a3 Bxc3+ 6. Qxc3 d6 7. Bg5 Nbd7 8.
e3 b6 9. Nf3 Bb7 10. Be2 Rc8 11. O-O Ne4 12. Bxd8 Nxc3 13. bxc3 Rfxd8 14. Nd2
c5 15. a4 a5 16. Bf3 Bxf3 17. gxf3 Kf8 18. Rfb1 Ke7 19. Rb5 Rg8 20. Kf1 Kd8 21.
Ke2 Kc7 22. Rab1 Rb8 23. Rg1 g5 24. h4 gxh4 25. Rh1 Rg6 26. Rxh4 Rh8 27. Rb1
Nf6 28. Ne4 Nxe4 29. fxe4 h6 30. Rbh1 Kd7 31. Rh5 Rc8 32. d5 Rh8 33. Rb1 Kc7
34. Rbh1 Kd7 35. R5h2 h5 36. Rh4 Rgh6 37. Rb1 1/2-1/2

[Event "30. Staufer-Open (A)"]
[Site "?"]
[Date "2018.01.02"]
[Round "2"]
[White "Dgebuadze, Alexandre"]
[Black "Kugelmann, Werner"]
[Result "1-0"]
[WhiteElo "2521"]
[BlackElo "2069"]
[PlyCount "81"]
[EventDate "2018.??.??"]
[WhiteTeam "SC Remagen-Sinzig"]
[BlackTeam "TSV Wertingen 1862 SAbt"]

1. e4 e5 2. Bc4 Nf6 3. d3 Nc6 4. f4 d6 5. Nf3 Be7 6. Nc3 a6 7. O-O O-O 8. a4
exf4 9. Bxf4 Bg4 10. d4 Nb4 11. h3 Bh5 12. Bb3 c6 13. Ne2 a5 14. c3 Na6 15. Ng3
Bg6 16. e5 Nh5 17. Nxh5 Bxh5 18. Qe1 Bg6 19. exd6 Bxd6 20. Bxd6 Qxd6 21. Qe5
Qc7 22. h4 Rae8 23. Qxc7 Nxc7 24. Ne5 Re7 25. Rae1 Nd5 26. Nxg6 Rxe1 27. Rxe1
fxg6 28. Re7 Rf7 29. Re8+ Rf8 30. Bxd5+ cxd5 31. Rxf8+ Kxf8 32. Kf2 Ke7 33. Kf3
Kf6 34. Kf4 h6 35. b3 Ke6 36. c4 Kd6 37. c5+ Ke6 38. Ke3 Kd7 39. Kd3 Kc6 40.
Kc3 Kc7 41. b4 1-0

[Event "30. Staufer-Open (B)"]
[Site "?"]
[Date "2018.01.02"]
[Round "2"]
[White "Fuchs, Jochen"]
[Black "Petrashov, Alexander"]
[Result "0-1"]
[WhiteElo "1826"]
[BlackElo "1992"]
[PlyCount "50"]
[EventDate "2018.??.??"]
[WhiteTeam "SV Dicker Turm Esslingen"]
[BlackTeam "SC Noris-Tarrasch Nürnberg 1873"]

1. Nf3 e6 2. c4 f5 3. d4 Nf6 4. Nc3 d5 5. e3 c6 6. Be2 Bd6 7. c5 Bc7 8. b4 O-O
9. O-O Nbd7 10. Ng5 Qe8 11. f4 Ne4 12. Ncxe4 fxe4 13. Qe1 h6 14. Nh3 e5 15.
fxe5 Rxf1+ 16. Qxf1 Nxe5 17. Nf4 Ng4 18. h3 Nf6 19. g4 g5 20. Nh5 Nxh5 21. gxh5
Qe7 22. Bg4 Bxg4 23. hxg4 Rf8 24. Qg2 Rf3 25. Qe2 Qe6 0-1

[Event "30. Staufer-Open (B)"]
[Site "?"]
[Date "2018.01.02"]
[Round "2"]
[White "Brunner, Jan"]
[Black "Lichtmannecker, Daniel"]
[Result "1/2-1/2"]
[WhiteElo "1972"]
[BlackElo "1833"]
[PlyCount "99"]
[EventDate "2018.??.??"]
[WhiteTeam "TSV Schönaich"]
[BlackTeam "FC Ergolding 1932 e.V."]

1. d4 e6 2. c4 Nf6 3. g3 d5 4. Nf3 Be7 5. Bg2 Nbd7 6. O-O dxc4 7. Nbd2 Nb6 8.
Qc2 O-O 9. Nxc4 c6 10. Rd1 Nxc4 11. Qxc4 Qc7 12. Bf4 Bd6 13. Bxd6 Qxd6 14. Ne5
Nd7 15. Nxd7 Bxd7 16. Qc5 Qxc5 17. dxc5 Rfd8 18. Rd6 Be8 19. Rad1 Rxd6 20. Rxd6
Kf8 21. f4 Ke7 22. e4 b6 23. e5 bxc5 24. Bxc6 Rd8 25. Rxd8 Kxd8 26. Be4 h5 27.
h4 Kc7 28. Kf2 Bc6 29. Bc2 Bd5 30. a3 g6 31. Ke3 Bc6 32. Bd1 Kb6 33. g4 hxg4
34. Bxg4 Kb5 35. h5 gxh5 36. Bxh5 Be8 37. f5 exf5 38. e6 fxe6 39. Bxe8+ Kc4 40.
Ba4 e5 41. Bc2 e4 42. Kf4 Kd4 43. Kxf5 e3 44. Bd1 Kd3 45. Ke5 c4 46. Kd5 c3 47.
bxc3 Kxc3 48. Kc6 e2 49. Bxe2 Kb3 50. Kb5 1/2-1/2

[Event "30. Staufer-Open (B)"]
[Site "?"]
[Date "2018.01.02"]
[Round "2"]
[White "Reindl, Knut"]
[Black "Vengring, Antal"]
[Result "1-0"]
[WhiteElo "1814"]
[BlackElo "1952"]
[PlyCount "121"]
[EventDate "2018.??.??"]
[WhiteTeam "SG Schwäbisch Gmünd"]
[BlackTeam "Post-SV Ulm"]

1. c4 c6 2. g3 d5 3. Bg2 Nf6 4. Nf3 e6 5. O-O Be7 6. d3 O-O 7. a3 Nbd7 8. Nc3
dxc4 9. dxc4 Nb6 10. b3 Qc7 11. Bf4 e5 12. Bxe5 Qd7 13. Qxd7 Nfxd7 14. Bd4 Re8
15. e4 Nc5 16. Bxc5 Bxc5 17. Rfd1 Bg4 18. h3 Bh5 19. g4 Bg6 20. Nh4 Rad8 21.
Nxg6 hxg6 22. a4 Bd4 23. Rac1 Bxc3 24. Rxd8 Rxd8 25. Rxc3 Rd1+ 26. Bf1 Re1 27.
Re3 Rxe3 28. fxe3 Nd7 29. Bd3 Ne5 30. Bc2 c5 31. Kf2 Kf8 32. Kg3 g5 33. h4
gxh4+ 34. Kxh4 f6 35. Kg3 g5 36. Bd1 Ke7 37. Kf2 Kd6 38. Ke1 Nc6 39. Kd2 Ke5
40. Bf3 Nd8 41. Kc3 Nf7 42. Kd2 Nd6 43. Kd3 a6 44. Bg2 Nf7 45. Kc3 Kd6 46. Bf3
Kc7 47. Bd1 Ne5 48. Be2 Kb6 49. Bd1 Ka5 50. Be2 b6 51. Bd1 Ng6 52. Bf3 Nh4 53.
Bh1 b5 54. axb5 axb5 55. cxb5 Kxb5 56. e5 fxe5 57. Be4 Ka5 58. Kc4 Kb6 59. Kd5
Kb5 60. Kxe5 Kb4 61. Kf6 1-0

[Event "30. Staufer-Open (B)"]
[Site "?"]
[Date "2018.01.02"]
[Round "2"]
[White "Sielaff, Rudolf"]
[Black "Strauss, Martin"]
[Result "1-0"]
[WhiteElo "1942"]
[BlackElo "1808"]
[PlyCount "43"]
[EventDate "2018.??.??"]
[WhiteTeam "SC Waiblingen"]
[BlackTeam "SC Sillenbuch"]

1. d4 Nf6 2. Bf4 d5 3. Nf3 Bf5 4. e3 e6 5. Be2 Bd6 6. Ne5 Nbd7 7. g4 Bg6 8. h4
h5 9. Nxg6 fxg6 10. Bxd6 cxd6 11. Qd3 Nf8 12. g5 Qa5+ 13. b4 Qxb4+ 14. c3 Qb2
15. gxf6 Qxa1 16. fxg7 Rg8 17. gxf8=Q+ Kxf8 18. Qc2 Rc8 19. O-O g5 20. Rc1
gxh4+ 21. Kh1 Rc7 22. Nd2 1-0

[Event "30. Staufer-Open (B)"]
[Site "?"]
[Date "2018.01.02"]
[Round "2"]
[White "Velichko, Tatiana"]
[Black "Siegismund, Florian"]
[Result "1-0"]
[WhiteElo "1905"]
[BlackElo "1799"]
[PlyCount "55"]
[EventDate "2018.??.??"]
[BlackTeam "SK Bad Schwalbach"]

1. e4 c5 2. Nf3 e6 3. d4 cxd4 4. Nxd4 a6 5. Nc3 Qc7 6. Be2 Nf6 7. Be3 Bb4 8.
Qd3 Bxc3+ 9. bxc3 Nxe4 10. c4 Qa5+ 11. Kf1 Nc5 12. Qd1 Nc6 13. Nxc6 bxc6 14.
Qd4 d6 15. Qxg7 Rf8 16. Bh6 Nd7 17. Qxh7 Nf6 18. Qg7 Nd7 19. Qd4 Rg8 20. Qxd6
Bb7 21. h4 O-O-O 22. Bg5 c5 23. f3 Qc3 24. Kf2 f6 25. Bd2 Qxc2 26. Rhc1 Qg6 27.
g3 Qf5 28. Ba5 1-0